Statistics for Guess the lyrics (#4)

Click here to take the quiz!

General Stats

  • This quiz has been taken 369 times
  • The average score is 52 of 136

Answer Stats

Answer% Correct
I
99%
a
96%
the
92%
be
79%
and
78%
me
75%
to
72%
My
71%
my
71%
on
71%
go
70%
So
67%
No
62%
for
60%
that
60%
Then
58%
there
57%
If
55%
her
53%
will
49%
could
47%
It's
46%
as
45%
like
43%
just
38%
heart
36%
know
36%
never
32%
We'll
26%
we'll
26%
I'd
25%
more
25%
she's
23%
sea
20%
before
18%
kiss
17%
again
16%
lover
16%
waiting
16%
meet
15%
far
14%
fly
14%
long
14%
moon
14%
somewhere
14%
Somewhere
14%
beyond
13%
ah
11%
high
11%
Happy
10%
sailing
10%
Bye
9%
bye
9%
lead
9%
near
9%
stars
9%
birds
8%
shore
8%
soon
8%
arms
7%
doubt
7%
golden
7%
ships
7%
stands
7%
sands
6%
watches
6%
watching
6%
straight
5%

Score Distribution

Percentile by Number Answered

Percent of People with Each Score

Your Score History

You have not taken this quiz